000 00315nam a22001337a 4500
008 210303b ||||| |||| 00| 0 eng d
020 _a0155512668
041 _aeng
080 _22nd
_a330.101.541
100 _a52
101 _aMAKRO
245 _aMackroeconomicks Theory and Policy
_cGlahe,R.F
942 _2udc
_cBK
999 _c55559
_d55559